THE ILLUSTRATED ENCYCLOPEDIA OF SPACE TECHNOLOGY/ (Record no. 9943)
[ view plain ]
| 000 -LEADER | |
|---|---|
| fixed length control field | 00561nam a22001697a 4500 |
| 003 - CONTROL NUMBER IDENTIFIER | |
| control field | OSt |
| 005 - DATE AND TIME OF LATEST TRANSACTION | |
| control field | 20260209080953.0 |
| 008 - FIXED-LENGTH DATA ELEMENTS--GENERAL INFORMATION | |
| fixed length control field | 260209b |||||||| |||| 00| 0 eng d |
| 020 ## - INTERNATIONAL STANDARD BOOK NUMBER | |
| International Standard Book Number | 0517542587 |
| 040 ## - CATALOGING SOURCE | |
| Transcribing agency | HARMONY BOOKS |
| 050 ## - LIBRARY OF CONGRESS CALL NUMBER | |
| Classification number | TL 788 .I44 1981 |
| Item number | .I44 1981 |
| 245 ## - TITLE STATEMENT | |
| Title | THE ILLUSTRATED ENCYCLOPEDIA OF SPACE TECHNOLOGY/ |
| Statement of responsibility, etc. | PHILIP DE STE. CROIX |
| 250 ## - EDITION STATEMENT | |
| Edition statement | 1st edition |
| 260 ## - PUBLICATION, DISTRIBUTION, ETC. | |
| Place of publication, distribution, etc. | NEWYORK: |
| Name of publisher, distributor, etc. | HARMONY BOOKS, |
| Date of publication, distribution, etc. | 1981. |
| 300 ## - PHYSICAL DESCRIPTION | |
| Extent | 301 pages, |
| Other physical details | hardcover, ill .: col , includes bibliographic index and references.; |
| Dimensions | 30 cm. |
| 942 ## - ADDED ENTRY ELEMENTS (KOHA) | |
| Source of classification or shelving scheme | Library of Congress Classification |
| Koha item type | Books |
| Edition | 1edition |
| Suppress in OPAC | No |
| Withdrawn status | Lost status | Source of classification or shelving scheme | Damaged status | Not for loan | Home library | Current library | Date acquired | Total checkouts | Full call number | Barcode | Date last seen | Price effective from | Koha item type |
|---|---|---|---|---|---|---|---|---|---|---|---|---|---|
| Library of Congress Classification | PIU Library | Main Library | 02/09/2026 | TL 788 .I44 1981 | PIUDL942 | 02/09/2026 | 02/09/2026 | Books |